|
|
|
|
| LEADER |
00000nab a2200000 a 4500 |
| 001 |
vtls009465663 |
| 003 |
SK-MaSNL |
| 005 |
20260426092929.0 |
| 008 |
250507c2008 xo zr|p|||||||000 b|slo |
| 015 |
|
|
|a SNBRB2009/01
|2 snkbucl
|
| 035 |
|
|
|a (uuid)ceadcb7f-114e-4f9a-a805-e6601894f0ed
|
| 035 |
|
|
|a urn:nbn:sk:snk-abacvo
|
| 035 |
|
|
|a (urnnbn)urn:nbn:sk:snk:ar-008ewc
|
| 038 |
|
|
|a SNKBUCL
|
| 040 |
|
|
|a SNKBUCL
|b slo
|c SNKBUCL
|e AACR2
|
| 041 |
0 |
|
|a slo
|
| 044 |
|
|
|a xo
|c SK
|
| 080 |
|
|
|a 656.2:711.432
|x (437.6)
|2 2001
|
| 080 |
|
|
|a 711.7:711.432
|x (437.6)
|2 2001
|
| 100 |
1 |
|
|a Koczkáš, Gabriel
|4 aut
|9 1077670
|
| 245 |
1 |
0 |
|a Projekt TEN-T
|c Gabriel Koczkáš
|
| 300 |
|
|
|b Obr.
|
| 610 |
2 |
7 |
|a TEN-T (dopravný projekt)
|2 snkbucl
|9 1530156
|
| 650 |
0 |
7 |
|a železničná doprava
|2 SNKPH
|9 3185
|
| 650 |
0 |
7 |
|a železničné koridory
|2 SNKPH
|9 107091
|
| 650 |
0 |
7 |
|a dopravné prepojenie koridorov
|2 snkbucl
|9 1530157
|
| 650 |
0 |
7 |
|a celoeurópske dopravné siete
|2 snkbucl
|9 1530158
|
| 651 |
|
7 |
|a Bratislava (Slovensko)
|2 SNKPHgeo
|9 14568
|
| 773 |
0 |
|
|t Eurostav
|g Roč. 14, č. 11 (2008), s. 26-27
|x 1335-1249
|
| 850 |
|
|
|a Slovenská národná knižnica
|
| 852 |
|
|
|a Slovenská národná knižnica
|
| 954 |
|
|
|a odborná, vedecká literatúra pôvodná (slovenská)
|2 lita
|
| 958 |
|
|
|a article14
|
| 958 |
|
|
|a OND
|
| 958 |
|
|
|a SK
|
| 958 |
|
|
|a EUIPO
|
| 999 |
|
|
|c 3081413
|d 3083343
|